[Event "Deizisau Autumn op 17th"]
[Site "Deizisau"]
[Date "2023.10.30"]
[Round "6"]
[White "Baur, Frank"]
[Black "Karle, Sam"]
[Result "0-1"]
[WhiteElo "2052"]
[BlackElo "1925"]
[PlyCount "122"]
[EventDate "2023.10.27"]
[EventType "swiss"]
[EventRounds "7"]
[EventCountry "GER"]
[SourceTitle "Mega2024 Update 01"]
[Source "Chessbase"]
[SourceDate "2023.11.12"]
[SourceVersion "1"]
[SourceVersionDate "2023.11.12"]
[SourceQuality "1"]

1. d4 Nf6 2. c4 e6 3. Nf3 d5 4. Nc3 dxc4 5. e4 Bb4 6. Bxc4 Nxe4 7. 0-0 Nxc3 8. bxc3 Be7 9. Bf4 Nd7 10. Qc2 0-0 11. Bd3 h6 12. Rfe1 Nf6 13. Ne5 Nh5 14. Bd2 Bg5 15. Bxg5 Qxg5 16. g3 Qd8 17. Rab1 Nf6 18. Bf1 Nd7 19. Bg2 Rb8 20. Qa4 Nb6 21. Qa5 a6 22. Red1 Nd7 23. Nd3 b6 24. Qa3 a5 25. Qa4 Qe7 26. c4 Rd8 27. c5 Ba6 28. Nf4 Nf6 29. cxb6 cxb6 30. h4 Rd6 31. Qa3 Qd7 32. Qe3 Rd8 33. Bh3 b5 34. Qc3 b4 35. Qc5 Ne4 36. Qxa5 Nc3 37. Qxb4 Nxd1 38. Rxd1 Rxd4 39. Rxd4 Qxd4 40. Qa5 Qd1+ 41. Kh2 Bb7 42. Bg2 Bxg2 43. Kxg2 Qd2 44. Qb6 e5 45. Ne2 e4 46. a4 Ra8 47. Qc6 Qa5 48. Qxe4 Qxa4 49. Qf3 Re8 50. Nf4 Qe4 51. Qxe4 Rxe4 52. Kf3 Ra4 53. g4 Ra3+ 54. Ke4 f6 55. h5 Kf7 56. f3 Ra4+ 57. Kf5 Ra5+ 58. Ke4 f5+ 59. gxf5 Kf6 60. Ng6 Ra4+ 61. Ke3 Kxf5 0-1

[Event "GER-ch U18 sf Berlin Online"]
[Site "Playchess.com INT"]
[Date "2020.05.01"]
[Round "5"]
[White "Karle, Sam"]
[Black "Ermitsch, Magnus"]
[Result "1-0"]
[WhiteElo "1620"]
[BlackElo "1819"]
[PlyCount "89"]
[EventDate "2020.05.01"]
[EventType "swiss (blitz)"]
[EventRounds "13"]
[EventCountry "GER"]
[SourceTitle "CBM 195 Extra"]
[Source "ChessBase"]
[SourceDate "2020.05.31"]
[SourceVersion "1"]
[SourceVersionDate "2020.05.31"]
[SourceQuality "1"]

1. e4 c5 2. Nf3 e6 3. d4 cxd4 4. Nxd4 Nc6 5. Nc3 Qc7 6. Be3 Nf6 7. Qd2 a6 8. f3 Be7 9. g4 b5 10. Bf4 e5 11. Nxc6 dxc6 12. Be3 Be6 13. a3 Rd8 14. Qf2 c5 15. Bg2 Qc6 16. 0-0 0-0 17. Rad1 Rxd1 18. Rxd1 Nd7 19. Qe2 c4 20. Qf2 Nc5 21. Rd2 a5 22. Bf1 b4 23. axb4 axb4 24. Na2 Na4 25. b3 cxb3 26. cxb3 Bxb3 27. Nc1 Qxc1 28. Rd7 Bc5 29. Bxc1 Bxf2+ 30. Kxf2 Rc8 31. Be2 h6 32. Bd2 Nc3 33. Bd3 Bc4 34. Bxc4 Rxc4 35. Rd3 Nb5 36. Rb3 Nd4 37. Rxb4 Rc2 38. Ke3 Nxf3 39. Kxf3 Rxd2 40. Kg3 Re2 41. h3 Rd2 42. Rb5 f6 43. Rb4 Rd4 44. Kf3 Rc4 45. Rxc4 1-0

[Event "GER-ch U18 sf Berlin Online"]
[Site "Playchess.com INT"]
[Date "2020.05.01"]
[Round "12"]
[White "Karle, Sam"]
[Black "Hagner, Bennet"]
[Result "0-1"]
[WhiteElo "1620"]
[BlackElo "1916"]
[PlyCount "118"]
[EventDate "2020.05.01"]
[EventType "swiss (blitz)"]
[EventRounds "13"]
[EventCountry "GER"]
[SourceTitle "CBM 195 Extra"]
[Source "ChessBase"]
[SourceDate "2020.05.31"]
[SourceVersion "1"]
[SourceVersionDate "2020.05.31"]
[SourceQuality "1"]

1. e4 e5 2. Nf3 Nc6 3. Bb5 a6 4. Ba4 Nf6 5. d4 exd4 6. 0-0 Be7 7. e5 Ne4 8. Re1 Nc5 9. Bxc6 dxc6 10. Qxd4 0-0 11. Nc3 Bf5 12. Be3 Ne6 13. Qxd8 Raxd8 14. Rac1 Rd7 15. Ne2 Rfd8 16. Ned4 Bg4 17. Nxe6 fxe6 18. Nd4 c5 19. Nb3 c4 20. Nd4 Rxd4 21. Bxd4 Rxd4 22. f3 Bf5 23. c3 Rd2 24. Red1 Bc5+ 25. Kh1 Rxd1+ 26. Rxd1 Bd3 27. h3 Be3 28. Kh2 Kf7 29. Kg3 g5 30. h4 Bf4+ 31. Kg4 Bf5+ 32. Kh5 Bg6+ 33. Kg4 h5+ 34. Kh3 gxh4 35. Kxh4 Bxe5 36. g4 hxg4 37. Kxg4 Bd3 38. f4 Be2+ 39. Kg3 Bxf4+ 40. Kxf4 Bxd1 41. Ke4 c5 42. Ke3 e5 43. Ke4 Ke6 44. a3 b5 45. Ke3 Kd5 46. Kd2 Bh5 47. Ke3 a5 48. Kd2 b4 49. axb4 cxb4 50. cxb4 axb4 51. Ke1 c3 52. bxc3 bxc3 53. Kf2 c2 54. Kg3 c1Q 55. Kf2 Qc3 56. Kf1 Qd2 57. Kg1 Bf3 58. Kf1 Qa2 59. Ke1 Qe2# 0-1

[Event "GER-ch U18 sf Berlin Online"]
[Site "Playchess.com INT"]
[Date "2020.05.01"]
[Round "10"]
[White "Karle, Sam"]
[Black "Kwech, Martin"]
[Result "1-0"]
[WhiteElo "1620"]
[BlackElo "1375"]
[PlyCount "145"]
[EventDate "2020.05.01"]
[EventType "swiss (blitz)"]
[EventRounds "13"]
[EventCountry "GER"]
[SourceTitle "CBM 195 Extra"]
[Source "ChessBase"]
[SourceDate "2020.05.31"]
[SourceVersion "1"]
[SourceVersionDate "2020.05.31"]
[SourceQuality "1"]

1. e4 c5 2. Nf3 d6 3. d4 cxd4 4. Nxd4 Nf6 5. Nc3 a6 6. Be3 e5 7. Nb3 Be6 8. Bd3 b5 9. Nd5 Bxd5 10. exd5 Nxd5 11. Be4 Nxe3 12. fxe3 Qh4+ 13. g3 Qxe4 14. Rf1 Qxe3+ 15. Qe2 Qxe2+ 16. Kxe2 Be7 17. Rad1 Nc6 18. c3 0-0 19. Rf3 Nd8 20. Rfd3 Ne6 21. Nd2 Nc5 22. Rd5 Rfd8 23. Nf3 Ne4 24. Ke3 Nf6 25. R5d2 Nd5+ 26. Rxd5 Rac8 27. Nd2 Bg5+ 28. Kf3 Bxd2 29. R1xd2 Rc6 30. Rxe5 Kf8 31. Rh5 h6 32. Rhd5 Ke7 33. Re2+ Kf6 34. Red2 Ke6 35. R2d4 Ke7 36. Re4+ Kf6 37. g4 Rd7 38. Rf5+ Kg6 39. h4 f6 40. Rd4 h5 41. Rxh5 Kf7 42. Rhd5 Ke6 43. g5 fxg5 44. Rxg5 Rf7+ 45. Ke2 Kf6 46. Rg2 Rcc7 47. Rf2+ Ke7 48. Rxf7+ Kxf7 49. Rxd6 Re7+ 50. Kd2 Re4 51. Rd4 Re6 52. b4 Rf6 53. Ke3 Kg6 54. Rf4 Re6+ 55. Kf2 Rd6 56. Ke2 Kh5 57. Rf7 g5 58. hxg5 Kxg5 59. Ra7 Kf5 60. Ke3 Ke6 61. Ke4 Kf6 62. Ra8 Re6+ 63. Kd5 Re5+ 64. Kd4 Re6 65. Kc5 Re3 66. Rxa6+ Ke5 67. Kxb5 Rxc3 68. a4 Rd3 69. Rc6 Rd5+ 70. Rc5 Rxc5+ 71. Kxc5 Ke6 72. Kc6 Ke5 73. b5 1-0

[Event "GER-ch U18 sf Berlin Online"]
[Site "Playchess.com INT"]
[Date "2020.05.01"]
[Round "9"]
[White "Rosol, Philip"]
[Black "Karle, Sam"]
[Result "1-0"]
[WhiteElo "1762"]
[BlackElo "1620"]
[PlyCount "121"]
[EventDate "2020.05.01"]
[EventType "swiss (blitz)"]
[EventRounds "13"]
[EventCountry "GER"]
[SourceTitle "CBM 195 Extra"]
[Source "ChessBase"]
[SourceDate "2020.05.31"]
[SourceVersion "1"]
[SourceVersionDate "2020.05.31"]
[SourceQuality "1"]

1. d4 d5 2. Bf4 Nf6 3. e3 c6 4. Nd2 Bf5 5. Bd3 Bxd3 6. cxd3 Nbd7 7. Ngf3 e6 8. h3 Nb6 9. 0-0 Bd6 10. Ne5 Bxe5 11. Bxe5 Nbd7 12. Bh2 0-0 13. Nf3 Re8 14. Ne5 Nxe5 15. dxe5 Nd7 16. d4 f6 17. f4 fxe5 18. fxe5 Rf8 19. Qg4 Qe7 20. Bg3 Rxf1+ 21. Rxf1 Rf8 22. Bh4 Rxf1+ 23. Kxf1 Qf7+ 24. Ke2 Nf8 25. Qf3 Ng6 26. Bg3 Qxf3+ 27. gxf3 Kf7 28. Kd3 h5 29. e4 Ne7 30. b4 b5 31. Bh4 Ng6 32. Bg5 Ke8 33. f4 Nf8 34. f5 Kd7 35. Ke3 Nh7 36. h4 Nxg5 37. hxg5 dxe4 38. Kxe4 exf5+ 39. Kxf5 Ke7 40. g6 h4 41. Kg4 Ke6 42. Kxh4 Kf5 43. Kh5 a6 44. a3 Ke6 45. Kg5 Ke7 46. Kf5 Kd7 47. Ke4 Ke6 48. Kd3 Kd5 49. Ke3 Ke6 50. Ke4 Ke7 51. d5 cxd5+ 52. Kxd5 Kd7 53. e6+ Ke7 54. Ke5 Ke8 55. Kd6 Kd8 56. e7+ Ke8 57. Ke6 a5 58. bxa5 b4 59. a6 b3 60. a7 b2 61. a8Q# 1-0

[Event "GER-ch U18 sf Berlin Online"]
[Site "Playchess.com INT"]
[Date "2020.05.01"]
[Round "3"]
[White "Spitzl, Vinzent"]
[Black "Karle, Sam"]
[Result "1/2-1/2"]
[WhiteElo "2063"]
[BlackElo "1620"]
[PlyCount "213"]
[EventDate "2020.05.01"]
[EventType "swiss (blitz)"]
[EventRounds "13"]
[EventCountry "GER"]
[SourceTitle "CBM 195 Extra"]
[Source "ChessBase"]
[SourceDate "2020.05.31"]
[SourceVersion "1"]
[SourceVersionDate "2020.05.31"]
[SourceQuality "1"]

1. e4 e5 2. Nf3 Nc6 3. Bb5 a6 4. Ba4 Nf6 5. 0-0 Be7 6. Re1 b5 7. Bb3 0-0 8. c3 Bb7 9. d4 d6 10. Nbd2 exd4 11. cxd4 Re8 12. Nf1 d5 13. e5 Ne4 14. Ng3 Nxg3 15. hxg3 Na5 16. Bc2 c5 17. dxc5 Bxc5 18. Qd3 g6 19. Bg5 Qd7 20. Bf6 Be7 21. Qd2 Nc4 22. Qh6 Bf8 23. Qh4 Bg7 24. Bxg7 Kxg7 25. Rad1 Re7 26. Rd4 Rae8 27. b3 Nxe5 28. Red1 Nxf3+ 29. gxf3 Re5 30. Qf4 R8e7 31. Qg4 Qxg4 32. Rxg4 h5 33. Rgd4 Rf5 34. Kg2 Rfe5 35. f4 Re2 36. R1d2 Rxd2 37. Rxd2 d4+ 38. Kf1 Rd7 39. Bd3 Bc6 40. b4 Bd5 41. a3 Bc4 42. Ke2 Be6 43. Be4 f5 44. Bc6 Bc4+ 45. Kf3 Rd6 46. Bb7 Rb6 47. Ba8 Rd6 48. Bb7 Bd5+ 49. Bxd5 Rxd5 50. Ke2 Kf6 51. Kd3 Ke6 52. Rc2 Kd7 53. Re2 Rd6 54. Re5 Kd8 55. Rc5 Kd7 56. Rc2 Kd8 57. f3 Kd7 58. Rg2 Kd8 59. g4 hxg4 60. fxg4 fxg4 61. Rxg4 Ke7 62. Rh4 Kf6 63. Rh8 Kf5 64. Rf8+ Ke6 65. Re8+ Kf7 66. Re5 Kf6 67. Re4 Kf5 68. Re1 Kxf4 69. Rf1+ Kg5 70. Rg1+ Kh6 71. Rh1+ Kg7 72. Rg1 Rd5 73. Rg4 Kf6 74. Ke4 Rd7 75. Kd3 Kf5 76. Rg1 g5 77. Rf1+ Kg6 78. Rg1 Kh5 79. Rh1+ Kg6 80. Rg1 Kf5 81. Rf1+ Ke5 82. Rg1 Rg7 83. Rg4 Ke6 84. Kxd4 Rd7+ 85. Kc5 Kf5 86. Rg1 Re7 87. Rf1+ Kg6 88. Rg1 Re3 89. Kb6 Rxa3 90. Kc5 Ra4 91. Rg2 Ra3 92. Rg1 Kh5 93. Rh1+ Kg4 94. Rg1+ Rg3 95. Ra1 Rc3+ 96. Kb6 Rb3 97. Kc5 Kf4 98. Rxa6 g4 99. Kxb5 g3 100. Rg6 Kf5 101. Rg8 Kf4 102. Kc5 Kf3 103. b5 g2 104. Kc6 Kf2 105. Rxg2+ Kxg2 106. b6 Rxb6+ 107. Kxb6 1/2-1/2

[Event "GER-ch U18 sf Berlin Online"]
[Site "Playchess.com INT"]
[Date "2020.05.01"]
[Round "6"]
[White "Tschernatsch, Johannes"]
[Black "Karle, Sam"]
[Result "1-0"]
[WhiteElo "1803"]
[BlackElo "1620"]
[PlyCount "73"]
[EventDate "2020.05.01"]
[EventType "swiss (blitz)"]
[EventRounds "13"]
[EventCountry "GER"]
[SourceTitle "CBM 195 Extra"]
[Source "ChessBase"]
[SourceDate "2020.05.31"]
[SourceVersion "1"]
[SourceVersionDate "2020.05.31"]
[SourceQuality "1"]

1. e4 e5 2. Nf3 Nc6 3. Bb5 a6 4. Ba4 Nf6 5. 0-0 Be7 6. Re1 b5 7. Bb3 0-0 8. h3 d6 9. c3 Be6 10. d4 exd4 11. cxd4 d5 12. e5 Ne4 13. Nc3 Nxc3 14. bxc3 Qd7 15. a4 Rab8 16. axb5 axb5 17. Bg5 Bxg5 18. Nxg5 h6 19. Nxe6 fxe6 20. Qd3 Qf7 21. Re2 Qf5 22. Qg3 Ra8 23. Rxa8 Rxa8 24. Bc2 Qf7 25. Re3 Ra1+ 26. Kh2 Ra2 27. Rf3 Qe7 28. Qg6 Rxc2 29. Qxc2 b4 30. Qb3 bxc3 31. Qxc3 Nd8 32. Rd3 g5 33. Rd1 Kg7 34. Rc1 c6 35. Ra1 Qb7 36. Qc5 Kf7 37. Ra7 1-0